Bariéry a prínosy digitalizácie v podnikoch na Slovensku

Účelom príspevku je identifikácia bariér a prínosov digitalizácie v podnikoch na území Slovenskej republiky. Digitalizácia sa stala kľúčovým prvkom moderného podnikateľského prostredia, prinášajúcim významné príležitosti pre zvýšenie efektivity, inovácie a konkurencieschopnosti. Prostredníctvom dota...

Ausführliche Beschreibung

Gespeichert in:
Bibliographische Detailangaben
1. Verfasser: Zahradník, Peter, 1995-
Format: Buchkapitel
Sprache:Slowakisch
Schlagworte:
Tags: Tag hinzufügen
Keine Tags, Fügen Sie das erste Tag hinzu!

MARC

LEADER 00000naa$a2200000$$$4500
001 0314003
005 20260114114128.8
041 0 |a slo 
044 |a CZ 
245 1 0 |a Bariéry a prínosy digitalizácie v podnikoch na Slovensku  |c Peter Zahradník 
520 |a Účelom príspevku je identifikácia bariér a prínosov digitalizácie v podnikoch na území Slovenskej republiky. Digitalizácia sa stala kľúčovým prvkom moderného podnikateľského prostredia, prinášajúcim významné príležitosti pre zvýšenie efektivity, inovácie a konkurencieschopnosti. Prostredníctvom dotazníkového prieskumu príspevok analyzuje aktuálny postoj podnikov k digitalizácií a následne s využitím štatistických metód overuje stanovené hypotézy. Záverom príspevku je stanovenie odporúčaní pre podniky. 
610 2 0 |a digitalizácia 
610 2 0 |a podnik 
610 2 0 |a transformácia digitálna 
610 2 0 |a transformácia podniku 
610 2 0 |a rozvoj podniku 
610 2 0 |a dotazníky 
610 2 0 |a Slovensko 
100 1 |a Zahradník, Peter, 1995-